Normal view
MARC view
Entry Topical Term
001 - CONTROL NUMBER
- control field: 8785
003 - CONTROL NUMBER IDENTIFIER
- control field: BD-RjUL
005 - DATE AND TIME OF LATEST TRANSACTION
- control field: 20230905094010.0
008 - FIXED-LENGTH DATA ELEMENTS
- fixed length control field: 230905|| aca||aabn | a|a d
040 ## - CATALOGING SOURCE
- Original cataloging agency: BD-RjUL
- Transcribing agency: BD-RjUL
150 ## - HEADING--TOPICAL TERM
- Topical term or geographic name entry element: Persian poetry
- Chronological subdivision: 1500-1796
- General subdivision: History and criticism
670 ## - SOURCE DATA FOUND
- Source citation: Work cat.: (BD-RjUL)81850: الهآبادى، امير الدين احمد امرالله. ** Ilāhʹābādī, Amīr al-Dīn Aḥmad Amr Allāh, 18th cent. 8783, تذکرۂ مسرت افزا * * Taz̲kirah-ʼi masarratʹafzā /, 1968.